100 objetos começando com a letra C - Statistics

Estatísticas Gerais
  • Esse quiz foi jogado 244 vezes
  • A pontuação média é 30 de 100
Estatísticas das Respostas
Resposta % Correto
Caneta
78%
Carro
78%
Colher
76%
Cadeira
72%
Copo
72%
Cama
71%
Camisa
68%
Caderno
63%
Calça
63%
Caixa
61%
Chave
60%
Cola
60%
Capa
58%
Cinto
54%
Computador
50%
Corda
49%
Cabide
48%
Camiseta
48%
Celular
48%
Colar
48%
Colcha
48%
Cueca
48%
Caneca
45%
Calcinha
44%
Carteira
43%
Colchão
43%
Cadeado
41%
Cortina
41%
Chapéu
40%
Chaveiro
40%
Caderneta
35%
Chaleira
35%
Chinelo
35%
Cobertor
35%
Caixote
33%
Chuveiro
33%
Coleira
33%
Cesto
32%
Cachecol
31%
Capacete
31%
Concha
30%
Caixão
29%
Camisola
29%
Cafeteira
28%
Cano
28%
Carimbo
28%
Carroça
28%
Corrente
27%
Canivete
26%
Cinzeiro
24%
Calculadora
23%
Cartolina
23%
Chocalho
23%
Chupeta
22%
Corrimão
22%
Cachimbo
21%
Colete
21%
Cartão de crédito
20%
Chicote
20%
Cofre
20%
Carpete
19%
Clips
19%
Coador
19%
Caçarola
18%
Caneleira
18%
Canetinha
18%
Colchonete
18%
Controle remoto
18%
Campainha
17%
Castiçal
17%
Charuto
17%
Cômoda
17%
Corneta
16%
Cavaquinho
15%
Compasso
15%
Corretivo
15%
Candelabro
14%
Cabideiro
13%
Cajado
13%
Cálice
13%
Carrinho de mão
13%
Chapa
13%
Clarinete
13%
Coifa
13%
Crachá
13%
Crucifixo
13%
Cantil
11%
Chave de fenda
11%
Cuica
11%
Caixa de som
10%
Cassetete
9%
Catraca
9%
Chafariz
9%
Corpete
9%
Caixa de correio
8%
Carrinho de bebê
8%
Cinta liga
8%
Clarim
8%
Caleidoscópio
6%
Conduíte
4%
Nenhum quiz correspondente encontrado
Distribuição das Pontuações
Porcentagem de Pessoas com Cada Pontuação
Percentil de Números Respondidos
Sua Pontuação Histórica
Você não jogou esse quiz